| 000 | 00687nam a22001337a 4500 | ||
|---|---|---|---|
| 008 | 110608t xxu||||| |||| 00| 0 eng d | ||
| 010 | _aSCCAF15 | ||
| 245 | _aSupreme Court Civil Appeal No. 31 OF 1995 Sietco Vs Noble Builders (U) LTD | ||
| 260 | _c1995 | ||
| 500 | _aCoram: Wambuzi, C.J, Odoki, JSC, Tsekooko, JSC | ||
| 500 | _aAppeal from a judgement of the High Court of Uganda at Kampala Mr. Justice F.M.S. Engonda-Ntende dated the 13th day of February, 1995 in HCCS No. 174 of 1990 | ||
| 999 |
_c2471 _d2471 |
||